USAF/USN Aircraft by Picture - Hard - Statistics

General Stats
  • This quiz has been taken 397 times
  • The average score is 32 of 68
Answer Stats
Picture Answer % Correct
F-16 Viper
96%
A-10 Warthog
95%
B-2 Spirit
95%
F-15E Strike Eagle
93%
F-22 Raptor
93%
B-1B Lancer
92%
F-35 Lightning
92%
C-130H Hercules
90%
F-14 Tomcat
89%
B-52 Stratofortress
88%
EA-18G Growler
88%
SR-71 Blackbird
85%
C-17 Globemaster III
82%
F-117 Nighthawk
82%
C-5 Galaxy
80%
F-4C Phantom
73%
P-51 Mustang
69%
B-21 Raider
65%
U-2 Dragon Lady
63%
AC-130
62%
F-111 Aardvark
62%
V-22 Osprey
62%
B-17 Flying Fortress
60%
E-2 Hawkeye
60%
F-5E Tiger
60%
B-29 Super Fortress
58%
P-3C Orion
58%
KC-135 Stratotanker
56%
E-3 Sentry
54%
C-2 Greyhound
52%
F-86 Sabre
51%
P-8A Poseidon
51%
F-104 Starfighter
49%
P-38 Lightning
47%
B-25 Mitchell
46%
F4U Corsair
45%
KC-10 Extender
45%
MQ-9 Reaper
42%
T-38 Talon
42%
UH-1N Huey
40%
C-47 Skytrain
38%
E-4B Nightwatch
37%
C-130J
33%
KC-46 Pegasus
32%
X-15
29%
VC-25A
26%
CH-53E Super Stallion
25%
RQ-4 Global Hawk
25%
E-8C Joint Stars
24%
E-6B Mercury
23%
C-32A
22%
F-101 Voodoo
22%
P-80 Shooting Star
22%
RC-135 Rivet Joint
21%
T-45A Goshawk
19%
HH-60G Pave Hawk
18%
T-1A Jayhawk
17%
T-7A Red Hawk
17%
WC-130
14%
C-21A
12%
KC-130J
12%
LC-130 Skibird
12%
HC-130J Combat King
7%
X-47B
5%
RQ-170 Sentinel
4%
BT-13 Valiant
3%
EC-130H
3%
NT-43A
3%
No matching quizzes found
Score Distribution
Percent of People with Each Score
Percentile by Number Answered
Your Score History
You have not taken this quiz